000 00334nam a2200145Ia 4500
008 230312s9999||||xx |||||||||||||| ||und||
082 _a330
_bASG-M
100 _aAsghar Javaid Malik
245 0 _aMaashiat Guide
260 _bAziz Book Deput
_aPakistan
_c1979
300 _a584
546 _aUrdu
650 _aEconomics
942 _cBK
999 _c6062
_d6062